书目信息 |
| 题名: |
碳纤维及其复合材料
|
|
| 作者: | 王茂章 , 贺福 著 | |
| 分册: | ||
| 出版信息: | 北京 科学出版社 1995 |
|
| 页数: | 319 | |
| 开本: | 26cm | |
| 丛书名: | ||
| 单 册: | ||
| 中图分类: | TB332 | |
| 科图分类: | ||
| 主题词: | 工程材料:复合材料 | |
| 电子资源: | ||
| ISBN: | 7-03-004226-3 | |
| 000 | 00571nam0 2200193 450 | |
| 001 | 0754114953 | |
| 005 | 20070929150154.95 | |
| 010 | @a7-03-004226-3 | |
| 100 | @a20070929d km y0chiy0120 ea | |
| 101 | 0 | @achi |
| 200 | 1 | @a碳纤维及其复合材料@Atan xian wei ji qi fu he cai liao@f贺福,王茂章 著@Fhe fu,wang mao zhang zhu |
| 210 | @a北京@c科学出版社@d1995 | |
| 215 | @a319@c插图@d26cm | |
| 606 | 0 | @a工程材料:复合材料 |
| 690 | @aTB332@v3 | |
| 701 | 0 | @a王茂章@Awang mao zhang@4著 |
| 701 | 0 | @a贺福@Ahe fu@4著 |
| 801 | 0 | @aCN@bPFT@c20070929 |
| 905 | @a213230@dTB332@eh2@f1 | |
| 碳纤维及其复合材料/贺福,王茂章 著.-北京:科学出版社,1995 |
| 319:插图;26cm |
| ISBN 7-03-004226-3: |
| ● |
| 相关链接 |
|
|
|
|
正题名:碳纤维及其复合材料
索取号:TB332/h2
 
预约/预借
| 序号 | 登录号 | 条形码 | 馆藏地/架位号 | 状态 | 备注 |
| 1 | 6000593 | 260005933 | 化学系资料室/ [索取号:TB332/h2] | 在馆 |